[Event "39th Olympiad Women"]
[Site "Khanty-Mansiysk RUS"]
[Date "2010.09.23"]
[Round "3"]
[White "Boric, Elena"]
[Black "Shamima, Akter Liza"]
[Result "1-0"]
[WhiteTitle "WIM"]
[BlackTitle "WFM"]
[WhiteElo "2286"]
[BlackElo "2160"]
[Board "21.1"]
[WhiteTeam "BIH"]
[BlackTeam "BAN"]
[WhiteFideId "14400839"]
[BlackFideId "10202587"]
[EventDate "2010.09.21"]
[EventType "team"]

1. f4 d5 2. Nf3 g6 3. g3 Bg7 4. Bg2 c5 5. O-O Nc6 6. d3 Nf6 7. Qe1 b6 8. e4 d4
9. h3 h5 10. Na3 Rb8 11. Ng5 Nb4 12. Bd2 a5 13. e5 Nh7 14. Nxh7 Rxh7 15. Bxb4
axb4 16. Nc4 Be6 17. Nd2 Qd7 18. Ne4 Bh6 19. Kh2 Kf8 20. a3 b3 21. cxb3 Bxb3 22.
Nd2 Be6 23. b4 Kg7 24. bxc5 bxc5 25. Rb1 Rhh8 26. Qc1 Qa7 27. Rxb8 Rxb8 28. Ne4
Rc8 29. Nd2 Qa6 30. Be4 Bf5 31. Bxf5 gxf5 32. Nc4 Rb8 33. Qd1 Qg6 34. a4 Kh7 35.
a5 h4 36. Qf3 hxg3+ 37. Qxg3 Qc6 38. Qf3 Qa4 39. Rg1 Qc2+ 40. Kh1 Qb3 41. e6 Rf8
42. exf7 Rxf7 43. a6 Qb8 44. Ne5 Rg7 45. Rxg7+ Bxg7 46. Qh5+ Kg8 47. Qf7+ Kh8
48. Qxf5 Qa8+ 49. Kh2 Qxa6 50. Ng6+ Kg8 51. Nxe7+ Kh8 52. Qh5+ Qh6 53. Qf7 1-0

[Event "39th Olympiad Women"]
[Site "Khanty-Mansiysk RUS"]
[Date "2010.09.23"]
[Round "3"]
[White "Dengler, Dijana"]
[Black "Hamid, Rani"]
[Result "0-1"]
[WhiteTitle "WFM"]
[BlackTitle "WIM"]
[WhiteElo "2088"]
[BlackElo "1986"]
[Board "21.3"]
[WhiteTeam "BIH"]
[BlackTeam "BAN"]
[WhiteFideId "14400081"]
[BlackFideId "10200096"]
[EventDate "2010.09.21"]
[EventType "team"]

1. e4 c5 2. c3 d5 3. exd5 Qxd5 4. d4 Nc6 5. Nf3 e6 6. Be2 Nf6 7. O-O cxd4 8.
cxd4 Be7 9. Nc3 Qd6 10. a3 O-O 11. h3 b6 12. Be3 Bb7 13. Rc1 Rac8 14. b4 h6 15.
Qb3 Rfd8 16. Rfd1 Nd5 17. Nxd5 exd5 18. Bd3 Qf6 19. Bb1 Bf8 20. Nh2 h5 21. Nf3
Rd6 22. Bg5 Qe6 23. Re1 Qd7 24. Qd3 g6 25. b5 Na5 26. Ne5 Rxc1 27. Rxc1 Qe8 28.
Bf4 Bc8 29. Qg3 Rf6 30. Bg5 Re6 31. Be3 Bd6 32. Bf5 Nb3 33. Bxe6 Bxe6 34. Rb1
Na5 35. a4 Nc4 36. Bf4 Bf5 37. Ra1 Bb4 38. Nc6 Bf8 39. Nxa7 Qe4 40. Nc6 Qc2 41.
Qf3 Be4 42. Qd1 Qb2 43. Qc1 Qb3 44. Ne5 Ba3 45. Qe1 Bb2 46. Nxc4 Qxc4 47. a5 Bc3
48. a6 Bxe1 49. a7 Bxf2+ 50. Kh2 Bxd4 51. a8=Q+ Kg7 52. Ra4 Qf1 53. Ra2 Qxf4+
54. Kh1 Qf1+ 55. Kh2 Be5+ 56. g3 Qh1# 0-1

[Event "39th Olympiad Women"]
[Site "Khanty-Mansiysk RUS"]
[Date "2010.09.23"]
[Round "3"]
[White "Khan, Nazrana"]
[Black "Dedijer, Sanja"]
[Result "1-0"]
[WhiteElo "2009"]
[BlackElo "2055"]
[Board "21.4"]
[WhiteTeam "BAN"]
[BlackTeam "BIH"]
[WhiteFideId "10201734"]
[BlackFideId "14401878"]
[EventDate "2010.09.21"]
[EventType "team"]

1. d4 d5 2. c4 c6 3. e3 Nf6 4. Nc3 a6 5. Nf3 b5 6. cxd5 cxd5 7. Bd3 Bg4 8. h3
Bh5 9. O-O e6 10. a3 Be7 11. e4 dxe4 12. Nxe4 Nbd7 13. a4 b4 14. a5 O-O 15. Bf4
Nxe4 16. Bxe4 Ra7 17. Bd3 Nf6 18. Be5 Nd5 19. Qe2 Bf6 20. Rfd1 Qe7 21. Bg3 Bxf3
22. Qxf3 g6 23. Qe2 Bxd4 24. Bxg6 Bg7 25. Be4 Nf6 26. Bd6 Qe8 27. Bxb4 Nxe4 28.
Bxf8 Qxf8 29. Qxe4 Bxb2 30. Rab1 Bc3 31. Qe3 Rc7 32. Qg3+ 1-0

[Event "39th Olympiad Women"]
[Site "Khanty-Mansiysk RUS"]
[Date "2010.09.24"]
[Round "4"]
[White "Shamima, Akter Liza"]
[Black "Munguntuul, Batkhuyag"]
[Result "0-1"]
[WhiteTitle "WFM"]
[BlackTitle "IM"]
[WhiteElo "2160"]
[BlackElo "2412"]
[Board "30.1"]
[WhiteTeam "BAN"]
[BlackTeam "MGL"]
[WhiteFideId "10202587"]
[BlackFideId "4900758"]
[EventDate "2010.09.21"]
[EventType "team"]

1. d4 d5 2. c4 e6 3. Nc3 Nf6 4. Bg5 Be7 5. e3 O-O 6. Qc2 Nbd7 7. Nf3 h6 8. Bf4
c6 9. h3 Re8 10. g4 dxc4 11. Bxc4 b5 12. Be2 b4 13. Na4 Bb7 14. h4 c5 15. g5 Be4
16. Qd2 Nh5 17. Bh2 Qa5 18. b3 hxg5 19. hxg5 Rad8 20. Rg1 cxd4 21. exd4 e5 22.
Nxe5 Nxe5 23. Bxe5 Bd6 24. Bxd6 Rxd6 25. Kf1 Qf5 26. Rg4 Bf3 27. Bxf3 Qxf3 28.
Rh4 Re2 0-1

[Event "39th Olympiad Women"]
[Site "Khanty-Mansiysk RUS"]
[Date "2010.09.24"]
[Round "4"]
[White "Lkhamsuren, Uuganbayar"]
[Black "Sultana, Sharmin Shirin"]
[Result "1-0"]
[WhiteElo "2206"]
[BlackElo "1984"]
[Board "30.2"]
[WhiteTeam "MGL"]
[BlackTeam "BAN"]
[WhiteFideId "4901347"]
[BlackFideId "10204482"]
[EventDate "2010.09.21"]
[EventType "team"]

1. e4 c5 2. Nf3 a6 3. d4 cxd4 4. Nxd4 e6 5. Nc3 Qc7 6. Be3 Nf6 7. Bd3 Bb4 8. Qd2
d5 9. exd5 Nxd5 10. Nde2 Nxe3 11. Qxe3 Nc6 12. O-O O-O 13. Kh1 Bd7 14. Rad1 Rad8
15. f4 f5 16. Bc4 Rde8 17. a3 Ba5 18. b4 Bb6 19. Rxd7 Qxd7 20. Qxb6 Rd8 21. Qe3
Rfe8 22. Bb3 Kh8 23. Rd1 Qc7 24. Rxd8 Qxd8 25. h3 h6 26. Qd3 Qc7 27. b5 Na5 28.
Ba4 Rd8 29. Qe3 Rd6 30. Bb3 Nxb3 31. cxb3 Qa5 32. Qc5 Qd8 33. a4 b6 34. Qe5 a5
35. Qe3 Qd7 36. Kh2 Qd8 37. Nb1 Rd1 38. Nec3 Rd3 39. Qxe6 Qd4 40. Qxf5 g5 41.
Qf8+ Kh7 42. Qf7+ Kh8 43. Qe8+ Kg7 44. Qe5+ Qxe5 45. fxe5 Kf7 46. Ne2 Rxb3 47.
Nbc3 Ra3 48. Kg3 Ra1 49. Kf3 Ke6 50. Kg4 Kxe5 51. Kh5 Rh1 52. Kxh6 g4 53. h4
Rxh4+ 54. Kg5 Rh8 55. Kxg4 Rg8+ 56. Kf3 Rf8+ 57. Ke3 Rg8 58. g3 Rg7 59. Ne4 Rc7
60. N2c3 Rg7 61. Kf3 Rf7+ 62. Kg4 Rf1 63. Kg5 Rf8 64. Kh5 Rg8 65. g4 Rh8+ 66.
Kg5 Rg8+ 67. Kh4 Rg7 68. Kh5 Kf4 69. g5 Kf5 70. Nd6+ Ke5 71. Nce4 Rc7 72. g6 Rc2
73. g7 Rh2+ 74. Kg6 1-0

[Event "39th Olympiad Women"]
[Site "Khanty-Mansiysk RUS"]
[Date "2010.09.24"]
[Round "4"]
[White "Hamid, Rani"]
[Black "Enkhtuul, Altanulzii"]
[Result "0-1"]
[WhiteTitle "WIM"]
[WhiteElo "1986"]
[BlackElo "2122"]
[Board "30.3"]
[WhiteTeam "BAN"]
[BlackTeam "MGL"]
[WhiteFideId "10200096"]
[BlackFideId "4901444"]
[EventDate "2010.09.21"]
[EventType "team"]

1. e4 Nf6 2. Nc3 d5 3. exd5 Nxd5 4. d4 Bf5 5. Qf3 e6 6. Nxd5 Qxd5 7. Qxd5 exd5
8. c3 Bd6 9. Ne2 O-O 10. Bf4 Bxf4 11. Nxf4 Re8+ 12. Kd2 c6 13. Be2 Nd7 14. g4
Be6 15. f3 f6 16. h4 Bf7 17. h5 Re7 18. Bd3 Nb6 19. b3 a5 20. a4 Rc7 21. Rhe1
Nc8 22. Re2 Nd6 23. Rae1 Rac8 24. Ne6 Re7 25. Nc5 Rxe2+ 26. Rxe2 b6 27. Ne6 Re8
28. Nf4 Rxe2+ 29. Nxe2 f5 30. Ng3 fxg4 31. fxg4 Be6 32. g5 h6 33. g6 Kf8 34. Ke3
Ke7 35. Kf4 Kf6 36. Bc2 Bd7 37. Nf1 c5 38. Ne3 Be6 39. Bd3 c4 40. bxc4 dxc4 41.
Be2 b5 42. axb5 Nxb5 43. Bxc4 Nxc3 44. d5 Bd7 45. Nc2 a4 46. Na3 Bf5 47. d6 Bd7
48. Nc2 Be6 49. Bd3 Bd7 50. Bc4 Nb5 51. Nb4 Nxd6 52. Nd5+ Ke6 53. Ba2 Bc6 54.
Nb4+ Kd7 55. Nxc6 Kxc6 56. Ke5 Kd7 57. Be6+ Ke7 58. Bd5 a3 59. Bb3 Nb5 0-1

[Event "39th Olympiad Women"]
[Site "Khanty-Mansiysk RUS"]
[Date "2010.09.24"]
[Round "4"]
[White "Ankhchimeg, Bayanmunh"]
[Black "Khan, Nazrana"]
[Result "1-0"]
[WhiteTitle "WIM"]
[WhiteElo "2153"]
[BlackElo "2009"]
[Board "30.4"]
[WhiteTeam "MGL"]
[BlackTeam "BAN"]
[WhiteFideId "4900600"]
[BlackFideId "10201734"]
[EventDate "2010.09.21"]
[EventType "team"]

1. e4 c5 2. c3 Nf6 3. e5 Nd5 4. d4 e6 5. Nf3 Nc6 6. c4 Nb6 7. d5 Ne7 8. d6 Ng6
9. Nc3 a6 10. h4 f6 11. Ne4 Kf7 12. exf6 gxf6 13. h5 Ne5 14. Nxe5+ fxe5 15. Bg5
Qe8 16. Qf3+ 1-0

[Event "39th Olympiad Women"]
[Site "Khanty-Mansiysk RUS"]
[Date "2010.09.25"]
[Round "5"]
[White "Baklanova, Tatiana"]
[Black "Shamima, Akter Liza"]
[Result "0-1"]
[WhiteTitle "WIM"]
[BlackTitle "WFM"]
[WhiteElo "2247"]
[BlackElo "2160"]
[Board "41.1"]
[WhiteTeam "ISCA"]
[BlackTeam "BAN"]
[WhiteFideId "14100754"]
[BlackFideId "10202587"]
[EventDate "2010.09.21"]
[EventType "team"]

1. d4 d5 2. c4 c6 3. cxd5 cxd5 4. Bf4 Nc6 5. e3 Nf6 6. Bd3 Bg4 7. Ne2 e6 8. Nbc3
a6 9. h3 Bh5 10. O-O Bg6 11. Rc1 Be7 12. Na4 Bxd3 13. Qxd3 O-O 14. Qb3 Ra7 15.
Nc5 Na5 16. Qd3 h6 17. Nxe6 fxe6 18. Bc7 Qd7 19. Bxa5 Qb5 20. Qxb5 axb5 21. b4
Ne4 22. Rc2 Rfa8 23. f3 Nd6 24. Nc3 Ra6 25. a4 Rc6 26. axb5 Nxb5 27. Nxb5 Rxc2
28. Nc7 Rxa5 29. bxa5 Rxc7 30. Rb1 Bh4 31. Kf1 Bg5 32. Ke2 Rc2+ 33. Kd3 Ra2 34.
Rxb7 Ra3+ 35. Ke2 Rxe3+ 36. Kf1 Bh4 37. g3 Rxf3+ 38. Ke2 Rxg3 39. a6 Ra3 40. a7
Kh7 41. Kd2 Bf6 42. Rb6 Rxa7 43. Rxe6 Ra4 44. Rd6 Rxd4+ 45. Ke3 Rh4 46. Rxd5
Rxh3+ 47. Kf4 h5 48. Rb5 g5+ 49. Kf5 Rf3+ 50. Ke4 Rf4+ 51. Ke3 h4 52. Rb3 h3 53.
Ke2 g4 0-1

[Event "39th Olympiad Women"]
[Site "Khanty-Mansiysk RUS"]
[Date "2010.09.25"]
[Round "5"]
[White "Sultana, Sharmin Shirin"]
[Black "Mucha, Annegret"]
[Result "1-0"]
[BlackTitle "WCM"]
[WhiteElo "1984"]
[BlackElo "2005"]
[Board "41.2"]
[WhiteTeam "BAN"]
[BlackTeam "ISCA"]
[WhiteFideId "10204482"]
[BlackFideId "24622788"]
[EventDate "2010.09.21"]
[EventType "team"]

1. d4 Nf6 2. c4 d6 3. Nc3 c6 4. Nf3 Qc7 5. e4 e5 6. h3 Be7 7. Be3 Nbd7 8. Be2
O-O 9. O-O Re8 10. a3 Nf8 11. b4 h6 12. Rc1 N6h7 13. c5 exd4 14. Nxd4 dxc5 15.
bxc5 Ng6 16. Qb3 Ng5 17. f4 Ne6 18. Bh5 Bxc5 19. Nce2 Bxd4 20. Nxd4 Nexf4 21.
Bxf4 Nxf4 22. Rxf4 Qxf4 23. Rf1 Qxf1+ 24. Kxf1 Re7 25. Qb4 Rxe4 26. Qd6 Be6 27.
Nxe6 Rxe6 28. Qd7 Rf6+ 29. Kg1 b6 30. Bf3 a5 31. Bxc6 Rb8 32. Qc7 Rf8 33. a4 Re6
34. h4 g6 35. g4 Re1+ 36. Kf2 Re6 37. g5 hxg5 38. hxg5 Kg7 39. Bd5 Ree8 40. Qc3+
Kg8 41. Qf6 1-0

[Event "39th Olympiad Women"]
[Site "Khanty-Mansiysk RUS"]
[Date "2010.09.25"]
[Round "5"]
[White "Ryvova, Anna"]
[Black "Hamid, Rani"]
[Result "1/2-1/2"]
[WhiteTitle "WFM"]
[BlackTitle "WIM"]
[WhiteElo "1981"]
[BlackElo "1986"]
[Board "41.3"]
[WhiteTeam "ISCA"]
[BlackTeam "BAN"]
[WhiteFideId "309931"]
[BlackFideId "10200096"]
[EventDate "2010.09.21"]
[EventType "team"]

1. e4 c5 2. Nc3 Nc6 3. g3 g6 4. Bg2 Bg7 5. d3 e6 6. Be3 d6 7. Qd2 Nd4 8. Nge2
Ne7 9. O-O O-O 10. Nd1 Rb8 11. c3 Nxe2+ 12. Qxe2 b5 13. Qd2 b4 14. Bh6 bxc3 15.
bxc3 Ba6 16. Bxg7 Kxg7 17. Ne3 Ng8 18. Rfb1 Qa5 19. Qc2 Ne7 20. f4 f5 21. exf5
gxf5 22. c4 Qa3 23. Rb3 Rxb3 24. Qxb3 Qa5 25. Qb2+ Kg8 26. h4 Bc8 27. h5 h6 28.
Kf2 Bd7 29. Rg1 Qb4 30. Rb1 Rb8 31. Qxb4 Rxb4 32. Re1 Kf7 33. Bf3 Nc6 34. Bxc6
Bxc6 35. g4 Rb2+ 36. Re2 Rxe2+ 37. Kxe2 fxg4 38. Nxg4 Kg7 39. Nf2 d5 40. cxd5
exd5 41. Nh1 Bd7 42. Ng3 Bg4+ 43. Kd2 Kf6 44. Kc3 Ke6 45. Kb3 Kd6 46. Kc3 a5 47.
Kb3 Bd1+ 48. Kc3 Ke6 49. Kd2 Bg4 50. Kc3 Bf5 51. Nf1 Kd6 52. Ng3 Bd7 53. a3 Ke6
54. Kb3 Kf6 55. Kc3 Bb5 56. d4 c4 57. Kb2 Bd7 58. Kc3 Bg4 59. Kd2 Ke6 60. Kc2
Kd6 61. Kb2 Ke6 62. Kc2 Kf6 63. Kd2 1/2-1/2

[Event "39th Olympiad Women"]
[Site "Khanty-Mansiysk RUS"]
[Date "2010.09.25"]
[Round "5"]
[White "Begum, Masuda"]
[Black "Gerasimova, Olga"]
[Result "1/2-1/2"]
[BlackTitle "WIM"]
[WhiteElo "1902"]
[BlackElo "2218"]
[Board "41.4"]
[WhiteTeam "BAN"]
[BlackTeam "ISCA"]
[WhiteFideId "10200878"]
[BlackFideId "24109622"]
[EventDate "2010.09.21"]
[EventType "team"]

1. d4 d5 2. Nf3 e6 3. c4 c6 4. Nc3 Nd7 5. e3 Ngf6 6. Qc2 Bd6 7. Bd3 dxc4 8. Bxc4
e5 9. O-O O-O 10. Rd1 Qe7 11. Bd3 Re8 12. dxe5 Nxe5 13. Be2 Bg4 14. Nd4 Bc7 15.
Bxg4 Nexg4 16. h3 Ne5 17. Nf5 Qc5 18. b4 Qc4 19. a3 Rad8 20. Bb2 Nd3 21. Nd4
Nxb2 22. Qxb2 Be5 23. Nce2 Qd5 24. Qc2 Qe4 25. Qxe4 Nxe4 26. Rac1 a6 27. Kf1 g6
28. f3 Ng3+ 29. Nxg3 Bxg3 30. Rd3 Rd7 31. Rcd1 Red8 32. Ke2 Be5 33. f4 Bf6 34.
g4 h6 35. Nc2 Rxd3 36. Rxd3 Rxd3 37. Kxd3 Kf8 38. Ke4 1/2-1/2

[Event "39th Olympiad Women"]
[Site "Khanty-Mansiysk RUS"]
[Date "2010.09.27"]
[Round "6"]
[White "Shamima, Akter Liza"]
[Black "Terao, Juliana Sayumi"]
[Result "1-0"]
[WhiteTitle "WFM"]
[BlackTitle "WFM"]
[WhiteElo "2160"]
[BlackElo "2138"]
[Board "33.1"]
[WhiteTeam "BAN"]
[BlackTeam "BRA"]
[WhiteFideId "10202587"]
[BlackFideId "2109220"]
[EventDate "2010.09.21"]
[EventType "team"]

1. d4 Nf6 2. c4 e6 3. Nc3 Bb4 4. Qc2 Nc6 5. Nf3 d6 6. Bg5 h6 7. Bh4 O-O 8. e3
Qe7 9. a3 Bxc3+ 10. Qxc3 e5 11. d5 Nb8 12. Nd2 Re8 13. Be2 c6 14. e4 Nbd7 15.
Qc2 Nf8 16. f3 Bd7 17. Bf2 Rec8 18. Qb3 Ng6 19. g3 Ne8 20. h4 cxd5 21. cxd5 b5
22. h5 Nf8 23. g4 Nh7 24. Be3 Nc7 25. Nf1 Na6 26. Ng3 Nc5 27. Qd1 Na4 28. Qd2
Rc7 29. Rc1 Rxc1+ 30. Qxc1 Rc8 31. Qd2 a6 32. Kf2 Qd8 33. Bd1 Nb6 34. b3 Ng5 35.
Qa5 Na8 36. Qxa6 Qc7 37. Nf5 Bxf5 38. gxf5 Rb8 39. Qa7 Qd8 40. Be2 b4 41. a4 Rc8
42. Bc4 f6 43. Kg3 Nf7 44. Rc1 Kf8 45. a5 Rc7 46. Qa6 Qb8 47. Qb5 Rb7 48. Qa4
Nd8 49. a6 Nb6 50. Qa5 Nxc4 51. Rxc4 Rb5 52. a7 1-0

[Event "39th Olympiad Women"]
[Site "Khanty-Mansiysk RUS"]
[Date "2010.09.27"]
[Round "6"]
[White "Gazola, Vanessa Ramos"]
[Black "Sultana, Sharmin Shirin"]
[Result "1-0"]
[WhiteElo "1983"]
[BlackElo "1984"]
[Board "33.2"]
[WhiteTeam "BRA"]
[BlackTeam "BAN"]
[WhiteFideId "2112590"]
[BlackFideId "10204482"]
[EventDate "2010.09.21"]
[EventType "team"]

1. d4 d5 2. c4 c6 3. Nf3 Nf6 4. e3 g6 5. b3 Bg4 6. Nbd2 Bg7 7. Be2 O-O 8. O-O
Nfd7 9. Bb2 Re8 10. cxd5 cxd5 11. h3 Bf5 12. g4 Be6 13. Ng5 Qb6 14. a4 a5 15.
Rc1 Bh6 16. Ndf3 f5 17. Nxe6 Qxe6 18. Ne5 Nxe5 19. dxe5 f4 20. Bf3 Rd8 21. Rc5
d4 22. exd4 Na6 23. Rxa5 b6 24. Rb5 Rab8 25. d5 Qc8 26. d6 e6 27. Bd4 Nc5 28.
Qc2 Nd7 29. Qc7 Qa6 30. Qc4 Nf8 31. Qb4 Nd7 32. Rc1 Bg7 33. Rc7 Nf8 34. Bc6 Bh6
35. h4 Bg7 36. g5 h6 37. Qd2 hxg5 38. hxg5 Nh7 39. Qxf4 Rf8 40. Qg4 Rf5 41. f4
Nf8 42. Be3 Rf7 43. Qg2 Bh8 44. Qd2 Bg7 45. Rxf7 Kxf7 46. d7 Rd8 47. Bxb6 Rxd7
48. Bxd7 Qb7 49. Bc5 Qxd7 50. Qxd7+ Nxd7 51. Rb7 Ke8 52. Bd6 1-0

[Event "39th Olympiad Women"]
[Site "Khanty-Mansiysk RUS"]
[Date "2010.09.27"]
[Round "6"]
[White "Hamid, Rani"]
[Black "Correa, Jaqueline Pamplona"]
[Result "0-1"]
[WhiteTitle "WIM"]
[WhiteElo "1986"]
[BlackElo "1963"]
[Board "33.3"]
[WhiteTeam "BAN"]
[BlackTeam "BRA"]
[WhiteFideId "10200096"]
[BlackFideId "2113899"]
[EventDate "2010.09.21"]
[EventType "team"]

1. e4 d6 2. d4 Nf6 3. Nc3 g6 4. f4 Bg7 5. Nf3 c5 6. dxc5 Qa5 7. Bd3 Qxc5 8. Qe2
O-O 9. Be3 Qa5 10. O-O Nc6 11. Kh1 Nb4 12. a3 Nxd3 13. cxd3 Bd7 14. Bd4 Rfc8 15.
Bxf6 exf6 16. Nd2 Re8 17. Nc4 Qa6 18. Nd5 Qc6 19. Nce3 Rac8 20. Qd2 Qa6 21. Rac1
Bc6 22. f5 g5 23. Rfd1 h5 24. Qb4 Bxd5 25. Rxc8 Rxc8 26. exd5 Bf8 27. h3 Re8 28.
Nc4 b5 29. Nd2 Re5 30. Ne4 Rxf5 31. Rc1 Qb6 32. d4 a5 33. Qd2 Kg7 34. Rc6 Qd8
35. Ng3 Rxd5 36. Nxh5+ Kg8 37. Ng3 Qe7 38. Rc3 b4 39. Re3 Qa7 40. Rd3 bxa3 41.
bxa3 Rb5 42. Qf2 Bg7 43. Nh5 Qe7 44. Re3 Qd8 45. Qe2 Rb8 46. Qg4 Qc7 47. Qg3 Kh7
48. h4 Rb1+ 49. Re1 Rxe1+ 50. Qxe1 d5 51. Qe3 Qd8 52. Qd3+ Kg8 53. Qf5 Qe7 54.
Qc8+ Bf8 55. Qc1 Kh7 56. a4 Kg8 57. Qd2 Qd8 58. Qf2 Bg7 59. Kh2 Qd6+ 60. Kh3
Qa3+ 61. g3 Qe7 62. g4 gxh4 63. Kxh4 f5+ 64. Kg3 fxg4 65. Kxg4 Qe4+ 66. Nf4 Bxd4
67. Qf3 f5+ 68. Kg3 Be5 69. Qf2 Qxf4+ 70. Qxf4 Bxf4+ 71. Kxf4 d4 0-1

[Event "39th Olympiad Women"]
[Site "Khanty-Mansiysk RUS"]
[Date "2010.09.27"]
[Round "6"]
[White "De Oliveira, Ana Paula"]
[Black "Khan, Nazrana"]
[Result "1/2-1/2"]
[WhiteElo "1839"]
[BlackElo "2009"]
[Board "33.4"]
[WhiteTeam "BRA"]
[BlackTeam "BAN"]
[WhiteFideId "2107856"]
[BlackFideId "10201734"]
[EventDate "2010.09.21"]
[EventType "team"]

1. c4 Nf6 2. Nc3 c5 3. g3 d5 4. cxd5 Nxd5 5. Bg2 Nxc3 6. bxc3 g6 7. Qa4+ Qd7 8.
Qxd7+ Nxd7 9. Rb1 Bg7 10. Bxb7 Rb8 11. Be4 Rxb1 12. Bxb1 Bb7 13. f3 O-O 14. Nh3
Rb8 15. Bc2 Bd5 16. a3 e5 17. Nf2 c4 18. Be4 Be6 19. Kd1 Bf8 20. Bc2 Rb6 21. h4
Ra6 22. a4 Nb6 23. Ne4 Nxa4 24. h5 Be7 25. g4 Nc5 26. Nxc5 Bxc5 27. Bb2 Ra2 28.
Kc1 Ra6 29. Bb1 Rd6 30. Ba2 Ra6 31. Bb1 Rc6 32. Be4 Rc7 33. Bb1 a5 34. Bc2 Bd7
35. Kb1 a4 36. Ka2 a3 37. Bc1 Be7 38. Rh2 Kg7 39. Rh1 Bc6 40. Rh2 Ra7 41. Rh3
Bg5 42. Rh1 Rd7 43. Rd1 Be7 44. Rh1 Bc5 45. Rh2 Rd8 1/2-1/2

[Event "39th Olympiad Women"]
[Site "Khanty-Mansiysk RUS"]
[Date "2010.09.28"]
[Round "7"]
[White "Shamima, Akter Liza"]
[Black "Latreche, Sabrina"]
[Result "1/2-1/2"]
[WhiteTitle "WFM"]
[BlackTitle "WFM"]
[WhiteElo "2160"]
[BlackElo "1951"]
[Board "38.1"]
[WhiteTeam "BAN"]
[BlackTeam "ALG"]
[WhiteFideId "10202587"]
[BlackFideId "7901798"]
[EventDate "2010.09.21"]
[EventType "team"]

1. d4 Nf6 2. c4 e6 3. Nc3 d5 4. Nf3 Nbd7 5. Bg5 Be7 6. e3 O-O 7. Qc2 c5 8. cxd5
cxd4 9. Nxd4 Nxd5 10. Bxe7 Nxe7 11. Bd3 Nf6 12. Rd1 Bd7 13. g4 Qa5 14. Rg1 Ned5
15. Nb3 Qb6 16. Nxd5 Nxd5 17. Bxh7+ Kh8 18. Rg3 Qb4+ 19. Kf1 Bb5+ 20. Kg1 Nf6
21. Bd3 Bxd3 22. Qxd3 Qe4 23. g5 Qxd3 24. Rxd3 Ne4 25. Rg4 f5 26. gxf6 Nxf6 27.
Rh4+ Kg8 28. Nc5 e5 29. Nd7 Nxd7 30. Rxd7 Rac8 31. Rg4 Rf7 32. Rxf7 Kxf7 33. Kg2
g6 34. Rb4 Rc7 35. Kf3 Kf6 36. h4 Kf5 37. b3 b6 38. Rb5 Rc2 39. a4 Rc3 40. a5
bxa5 41. Rxa5 Rxb3 42. Rxa7 Rb1 43. Ra6 Rb4 44. Kg3 Rg4+ 45. Kh3 Rg1 46. Ra8 Ke4
47. Rf8 Kd3 48. Kh2 Rg4 49. Kh3 Rg1 50. Rf6 Ke2 51. Kh2 Rg4 52. Kh3 Rg1 53. e4
Rh1+ 54. Kg3 Rg1+ 55. Kh3 Rh1+ 56. Kg3 Rg1+ 1/2-1/2

[Event "39th Olympiad Women"]
[Site "Khanty-Mansiysk RUS"]
[Date "2010.09.28"]
[Round "7"]
[White "Hamza, Amira"]
[Black "Hamid, Rani"]
[Result "1/2-1/2"]
[WhiteTitle "WCM"]
[BlackTitle "WIM"]
[WhiteElo "1886"]
[BlackElo "1986"]
[Board "38.2"]
[WhiteTeam "ALG"]
[BlackTeam "BAN"]
[WhiteFideId "7901160"]
[BlackFideId "10200096"]
[EventDate "2010.09.21"]
[EventType "team"]

1. d4 Nf6 2. Nf3 e6 3. Bg5 d5 4. e3 c5 5. c4 cxd4 6. Bxf6 Qxf6 7. Qxd4 Qxd4 8.
Nxd4 Bb4+ 9. Nd2 dxc4 10. Bxc4 O-O 11. O-O-O Bd7 12. Bb3 Rc8+ 13. Kb1 b5 14.
N2f3 Na6 15. Ne5 Be8 16. Rc1 Nc5 17. a3 Nxb3 18. Nxb3 Bd6 19. Nf3 b4 20. axb4
Bxb4 21. Rxc8 Rxc8 22. Rc1 Rxc1+ 23. Kxc1 Bc6 24. Nbd4 Be4 25. Nc2 Bd6 26. h3
Kf8 27. Nfe1 Ke7 28. f3 Bd5 29. Nd3 Bc4 30. Kd2 Kd7 31. Kc3 Bb5 32. Nd4 Ba6 33.
Nb3 Kc6 34. Nd4+ Kb6 35. Nb3 Be7 36. Nd2 Bf6+ 37. Kc2 Bb5 38. b3 Bg5 39. f4 Be7
40. e4 Bd6 41. Nc4+ Bxc4 42. bxc4 Kc6 43. Kb3 f6 44. g3 h5 45. h4 e5 46. fxe5
Bxe5 47. Nf4 g6 48. Kb4 Bd6+ 49. Kb3 a5 50. Nxg6 Bxg3 51. Ne7+ Kc5 52. Nf5 Bf2
53. Ng7 Bxh4 54. Nxh5 Kd4 55. Ka4 Kxe4 56. Nxf6+ Bxf6 57. Kxa5 1/2-1/2

[Event "39th Olympiad Women"]
[Site "Khanty-Mansiysk RUS"]
[Date "2010.09.28"]
[Round "7"]
[White "Khan, Nazrana"]
[Black "Latreche, Khadidja"]
[Result "0-1"]
[BlackTitle "WCM"]
[WhiteElo "2009"]
[BlackElo "1815"]
[Board "38.3"]
[WhiteTeam "BAN"]
[BlackTeam "ALG"]
[WhiteFideId "10201734"]
[BlackFideId "7901780"]
[EventDate "2010.09.21"]
[EventType "team"]

1. d4 Nf6 2. c4 e6 3. Nf3 b6 4. g3 Bb7 5. Bg2 Be7 6. Nc3 O-O 7. O-O d5 8. b3
Nbd7 9. Bb2 c5 10. cxd5 Nxd5 11. Nxd5 Bxd5 12. Qd3 Nf6 13. dxc5 Bxc5 14. a3 Be7
15. b4 Rc8 16. Rac1 Be4 17. Qe3 Qd5 18. Rcd1 Qb7 19. Rd4 Rfd8 20. h3 Rc2 21.
Rfd1 Rdc8 22. R4d2 a5 23. Ne1 Rxd2 24. Qxd2 Bxg2 25. Nxg2 axb4 26. axb4 h6 27.
Nf4 Rd8 28. Nd3 Nd5 29. e4 Nxb4 30. Qc3 f6 31. Ba3 Rxd3 32. Rxd3 Nxd3 33. Bxe7
Qxe4 34. Bd6 Qe1+ 35. Qxe1 Nxe1 36. Kf1 Nc2 37. Ke2 e5 38. Kd3 Nd4 39. f4 Nf5
40. Bc7 exf4 41. Bxf4 Kf7 42. Kc4 Ke6 43. Kb5 Ne7 44. Bb8 Nd5 45. Kc6 g5 46. Bd6
f5 47. Bb8 f4 48. g4 f3 49. Bg3 Nf4 50. h4 Nh3 51. hxg5 hxg5 52. Kxb6 f2 0-1

[Event "39th Olympiad Women"]
[Site "Khanty-Mansiysk RUS"]
[Date "2010.09.29"]
[Round "8"]
[White "Petrenko, Svetlana"]
[Black "Shamima, Akter Liza"]
[Result "1-0"]
[WhiteTitle "IM"]
[BlackTitle "WFM"]
[WhiteElo "2263"]
[BlackElo "2160"]
[Board "34.1"]
[WhiteTeam "MDA"]
[BlackTeam "BAN"]
[WhiteFideId "13900196"]
[BlackFideId "10202587"]
[EventDate "2010.09.21"]
[EventType "team"]

1. e4 c5 2. Nf3 e6 3. d4 cxd4 4. Nxd4 Nc6 5. Nb5 d6 6. c4 Nf6 7. N1c3 a6 8. Na3
d5 9. exd5 exd5 10. cxd5 Nb4 11. Bc4 Bg4 12. f3 Bf5 13. O-O Bc5+ 14. Kh1 O-O 15.
g4 Bg6 16. g5 b5 17. Bb3 Nd7 18. Bc2 Nxc2 19. Nxc2 Re8 20. f4 Bf5 21. a3 Rc8 22.
Kg2 Qb6 23. Bd2 Qg6 24. Ne1 Nf6 25. Nf3 Ng4 26. Nh4 Qh5 27. Kg3 Be3 28. h3 Bxd2
29. Nxf5 Nf6 30. gxf6 Qg6+ 31. Qg4 Qxf6 32. d6 Rcd8 33. Nd5 Qxb2 34. Rab1 Qxa3+
35. Rf3 1-0